| 000 | 00637nam a22002057a 4500 | ||
|---|---|---|---|
| 003 | OSt | ||
| 005 | 20220518031039.0 | ||
| 008 | 170327b xxu||||| |||| 00| 0 eng d | ||
| 020 | _a0679412026 (cloth) : | ||
| 040 |
_aMMU _cMMU _dMMU _beng |
||
| 050 | 0 | 0 |
_aDK292 _b.P69 1992 |
| 100 | 1 | _aPozner, Vladimir. | |
| 245 | 1 | 0 |
_aEyewitness : _ba personal account of the unraveling of the Soviet Union / _cVladimir Pozner. |
| 250 | _a1st ed. | ||
| 260 |
_aNew York : _bRandom House, _cc1992. |
||
| 300 |
_axvi, 220 p. ; _c22 cm. |
||
| 600 | 1 | 0 | _aPozner, Vladimir. |
| 651 | 0 |
_aSoviet Union _xHistory _yAttempted coup, 1991. |
|
| 942 |
_2lcc _cLOAN LOAN |
||
| 999 |
_c26026 _d26026 |
||